Statistiques concernant Les featurings de Kalash Criminel

Cliquez ici pour prendre le quiz!

Statistiques générales

  • Ce quiz a été pris 69 fois
  • Le résultat moyen est 15 sur 66

Statistiques - réponses

DépartementArtistesSons% Correct
93Kaaris4Matic (2016), Arrêt du cœur (2016), Bling Bling (2017), SVR (2022), VVS (2022)
98%
93Sofiane93 empire (2016), Guedro (2017), Woah (2018), 93 Empire Remix (2018)
87%
BELDamsoBut en or (2020)
84%
13JulCagoulé (2017), Je ne comprends pas (2017), Dans la zone (2020)
84%
93Freeze CorleoneBraquage à l'africaine (2020), Apocalypse (2022)
78%
91NiskaTu paniques (2020)
78%
59Gradur47 AK (2018)
60%
93ValdGuedro (2017), Un jour de plus (2018), Woah (2018)
60%
75NekfeuTurn Up (2020)
56%
93SadekWoah (2018), Perroquet (2021)
47%
93Heuss l'EnfoiréWoah (2018)
44%
93Hornet la FrappeTerrain glissant (2017), La maille (2018), J'ai quitté (2020), La noche (2020)
44%
972KalashPolémique (2019)
44%
ALGSoolkingSavage (2016), Woah (2018)
40%
60NazaÇa va ma chérie Remix (2019)
38%
93DA UziAfflelou (2021), SE WIRE (2022), LA ZONE (2022)
36%
60KeBlackMélanger (2017)
36%
75Alpha Wannpistons vs pacers (2020)
33%
13NapsVVS (2022)
33%
93Mac TyerGuedro (2017), Woah (2018), Shooters (2020)
31%
UnknownDOUMAMakila (2016), Nada (2017), Vrai (2018), Ça va ma chérie Remix (2019), Violence (2021), Baby Baby (2022), Jungle Urbaine (2022), Petit voyou (2022), Cendrillon (2022), Ça débite (2023)
29%
31Bigflo & OliMoments (2020)
27%
75Black MDress Code (2017), Ça va ma chérie Remix (2019)
24%
77ISKLa cosa (2023)
24%
UnknownTovaritchStreet Fight (2021)
22%
75/91AlkpotePatek (2019)
18%
94Kery JamesPDM (2018)
18%
93StavoLA ZONE (2022)
18%
Unknown26 KeussDroga (2020)
16%
93NahirAfflelou (2021)
16%
UnknownKof KofNezo (2019)
13%
UnknownLucianoWeiß maskiert (2018)
13%
93ZeforSE WIRE (2022)
13%
UnknownDocks**** les vices (2018)
11%
UnknownGeorgioEmotions masquées (2021)
11%
93RémyLa maille (2018)
9%
75LefaGang (2021)
7%
UnknownLutinIDEM (2023)
7%
UnknownSicario78Guitare triste (2023)
7%
934Keus GangMon ami (2019)
4%
UnknownFarsenneJ'ai quitté (2020)
4%
UnknownHall 14Shabba (2016)
4%
77/243HiroNe Reviens Pas (2019)
4%
UnknownJala BratDésolé (2023)
4%
UnknownMadame MonsieurComme si j'avais mille ans (2019)
4%
UnknownMPRNga na s'ani (2022)
4%
Unknowna2zClaire Chazal (2021)
2%
UnknownBenabHey Mama (2019)
2%
UnknownDadinhoDans la boîte (2019)
2%
93GS CLANTout le monde sait (2018)
2%
UnknownHavan RNezo (2019)
2%
UnknownIxzoZoulou Bang (2016)
2%
93KifaLA ZONE (2022)
2%
UnknownMarjinalStates (2023)
2%
UnknownStildayNezo (2019)
2%
UnknownBenzo93 Empire Remix (2018)
0%
UnknownBoozoo Bakhaw93 Empire Remix (2018)
0%
93BrvbusTout le monde sait (2018)
0%
UnknownGOULAG93 Empire Remix (2018)
0%
UnknownIrkRed (2019)
0%
UnknownJames The ProphetG.O.P (2021)
0%
UnknownJnr Slice243 (2022)
0%
93KosiTout le monde sait (2018)
0%
UnknownKosi KepassaDaredevil (2019)
0%
UnknownLeybouD.L.B (2019)
0%
UnknownMansly93 Empire Remix (2018)
0%

Distribution des résultats

Percentile par nombre de réponses

% des personnes avec chaque résultat

Votre développement - résultats

Vous n’avez pas pris ce quiz